LEADER 01105cam0 22002891 450 001 SOBE00068314 005 20211112080231.0 010 $a8886358008 100 $a20211112i1994 |||||ita|0103 ba 101 $aita 102 $aIT 200 1 $aAmore, differenza, mondo$eun'educazione sentimentale$fGiuseppe Ferraro, Simona Marino 210 $aNapoli$cFilema$dstampa 1994 215 $a128 p.$d20 cm 225 2 $aRitagli$v1 410 1$1001SOBE00068315$12001 $a*Ritagli$v1 700 1$aFerraro$b, Giuseppe $3AF00008597$4070$01021676 701 1$aMarino, Simona$3SOBA00022079$4070$0143401 801 0$aIT$bUNISOB$c20211112$gRICA 850 $aUNISOB 852 $aUNISOB$jFondo|Frauenfelder$m174218 912 $aSOBE00068314 940 $aM 102 Monografia moderna SBN 941 $aM 957 $aFondo|Frauenfelder$b000416$gSI$d174218$n20211502$hFrauenfelder$rDono$1rovito$2UNISOB$3UNISOB$420211112075620.0$520211112075744.0$6rovito$fPer le modalitā di consultazione vedi homepage della Biblioteca link Fondi 996 $aAmore, differenza, mondo$92424937 997 $aUNISOB LEADER 01422cam0 22003611 450 001 SOBE00049967 005 20250515075307.0 100 $a20151112d1990 |||||ita|0103 ba 101 $afre$aita 102 $aIT 200 1 $aEschilo$fVictor Hugo$ga cura di Annalisa Paradiso$gcon una nota di Luciano Canfora$gcon la Vita di Eschilo anonima 210 $aPalermo$cSellerio$d1990 215 $a127 p.$d17 cm 225 2 $acittā antica$v2 300 $aTesto francese a fronte 300 $aTraduzione di: The Shakespeare l'ancien 410 1$1001LAEC00027732$12001 $aLa *cittā antica$v2 700 1$aHugo$b, Victor$3AF00004834$4070$0444801 702 1$aParadiso, Annalisa$3SOBA00011970$4070 702 1$aCanfora, Luciano$3AF00007796$4070 801 0$aIT$bUNISOB$c20250515$gRICA 850 $aUNISOB 852 $aUNISOB$j870$m62209 852 $aUNISOB$j870$m66167 852 $aUNISOB$j870$m73511 912 $aSOBE00049967 940 $aM 102 Monografia moderna SBN 941 $aM 957 $a870$b000583$gSI$d62209$rAcquisto$tN$1petrellap$2UNISOB$3UNISOB$420151112180343.0$520151112180407.0$6petrellap 957 $a870$b000615$gSI$d66167$rAcquisto$tN$1petrellap$2UNISOB$3UNISOB$420151118143530.0$520151118143601.0$6petrellap 957 $a870$b000110$gSI$d73511$racquisto$tN$1bethb$2UNISOB$3UNISOB$420250515074311.0$520250515075307.0$6bethb 996 $aEschilo$91725655 997 $aUNISOB LEADER 03816nam 22006495 450 001 9910366608503321 005 20251230061224.0 010 $a3-030-20151-1 024 7 $a10.1007/978-3-030-20151-7 035 $a(CKB)4100000008347164 035 $a(MiAaPQ)EBC5785095 035 $a(DE-He213)978-3-030-20151-7 035 $a(EXLCZ)994100000008347164 100 $a20190603d2020 u| 0 101 0 $aeng 135 $aurcnu|||||||| 181 $ctxt$2rdacontent 182 $cc$2rdamedia 183 $acr$2rdacarrier 200 10$aAdvances in Human Factors in Architecture, Sustainable Urban Planning and Infrastructure $eProceedings of the AHFE 2019 International Conference on Human Factors in Architecture, Sustainable Urban Planning and Infrastructure, July 24-28, 2019, Washington D.C., USA /$fedited by Jerzy Charytonowicz, Christianne Falcão 205 $a1st ed. 2020. 210 1$aCham :$cSpringer International Publishing :$cImprint: Springer,$d2020. 215 $a1 online resource (530 pages) 225 1 $aAdvances in Intelligent Systems and Computing,$x2194-5365 ;$v966 311 08$a3-030-20150-3 330 $aThis book discusses human factors research directed towards realizing and assessing sustainability in the built environment and architecture. It reports on advanced engineering methods for sustainable infrastructure design, architecture as well as on assessments of the efficient methods and the social, environmental, and economic impact of various designs and projects. The book covers a range of topics, including the use of recycled materials in architecture, ergonomics in buildings and public design, sustainable design for smart cities, design for the aging population, industrial design, human scale in architecture, and many more. Based on the AHFE 2019 International Conference on Human Factors in Architecture, Sustainable Urban Planning and Infrastructure, held on July 24-28, 2019, in Washington D.C., USA, it offers various perspectives on sustainability and ergonomics. As such, it is a valuable reference resource for designers, urban engineers, architects, infrastructure professionals, public infrastructure owners, policy makers, government engineers and planners, as well as operations managers and academics active in urban and infrastructure research. 410 0$aAdvances in Intelligent Systems and Computing,$x2194-5365 ;$v966 606 $aBuildings$xDesign and construction 606 $aSustainable architecture 606 $aUrban economics 606 $aComputational intelligence 606 $aUser interfaces (Computer systems) 606 $aHuman-computer interaction 606 $aBuilding Construction and Design 606 $aSustainable Architecture/Green Buildings 606 $aUrban Economics 606 $aComputational Intelligence 606 $aUser Interfaces and Human Computer Interaction 615 0$aBuildings$xDesign and construction. 615 0$aSustainable architecture. 615 0$aUrban economics. 615 0$aComputational intelligence. 615 0$aUser interfaces (Computer systems) 615 0$aHuman-computer interaction. 615 14$aBuilding Construction and Design. 615 24$aSustainable Architecture/Green Buildings. 615 24$aUrban Economics. 615 24$aComputational Intelligence. 615 24$aUser Interfaces and Human Computer Interaction. 676 $a307.1416 676 $a620.82 702 $aCharytonowicz$b Jerzy$4edt$4http://id.loc.gov/vocabulary/relators/edt 702 $aFalca?o$b Christianne$4edt$4http://id.loc.gov/vocabulary/relators/edt 906 $aBOOK 912 $a9910366608503321 996 $aAdvances in Human Factors in Architecture, Sustainable Urban Planning and Infrastructure$91922153 997 $aUNINA